000 01448cam a2200325 a 4500
001 83304
003 BD-RjUL
005 20240311151240.0
008 240311s1968 pk ab b 000 0 urd
035 _a(BD-RjUL) 83304
037 _cRs 12.00
040 _aDLC
_cDLC
_beng
041 _aurd
082 _223
_a954.91
_bATP 1968
100 1 _aعطا٫ اشرف ;; Atta Ashraf
_912210
245 1 0 _aپاکستان : انقلاب سے پہلے ؛انقلاب کے بعد ;; Pakistan: Before the Revolution; After the Revolution /
_cAshraf Atta, Qayyum Nizami; Syed Ahmad Saeed Kirmani ;; اشرف عطا ، قیوم نظامی ؛ دیباچہ ;سید احمد سعید کرمانیا
260 _6880-03
_aLāhaur :
_bTak̲h̲līqāt,
_c2011.
300 _a525 p. :
_bill., maps ;
_c22 cm.
504 _aIncludes bibliographical references
520 _aHistorical study of politics and government in Pakistan since 1988; includes articles on strategic studies of Pakistan and terrorism.
650 0 _aGeopolitics
_zPakistan.
_912211
650 0 _aTerrorism
_zPakistan.
_912212
650 0 _aIslamic fundamentalism
_zPakistan.
_912213
651 0 _aPakistan
_xPolitics and government
_y1988-
_912214
651 0 _aPakistan
_xStrategic aspects.
_912215
700 _aنظامی، قیوم ;; Nizami, Qayyum
_912216
700 _a کرمانی ؛ سید احمد سعید ؛ دیباچہ
_912218
942 _2ddc
_cBK
999 _c83304
_d83304